Etica nicomaquea

Saved in:
Bibliografiske detaljer
Hovedforfatter: Aristóteles, 384 a.C.- 322 a.C (Author)
Format: Bog
Sprog:spansk
Udgivet: Ciudad de México Porrua 1977
Udgivelse:7a. ed
Fag:
Tags: Tilføj Tag
Ingen Tags, Vær først til at tagge denne postø!

MARC

LEADER 00000nam a2200000 a 4500
001 UCV7845
003 CL-VaPUC
008 891110e19770000MX |||||||||||||||||spa|d
082 0 4 |a 185  |b ARI  |2 21 
100 |a Aristóteles,  |d 384 a.C.- 322 a.C.  |e author  |9 194 
245 1 0 |a Etica nicomaquea 
246 1 0 |a Política 
250 |a 7a. ed 
300 |a 317 p 
942 |c BK 
945 |d 19891110 00:00:00 
260 |a Ciudad de México  |b Porrua  |c 1977 
650 0 |a Ética  |9 255099 
650 0 |a Política  |9 255312 
583 |a last modification  |c 19891110 00:00:00  |k Rodrigo Vera 
999 |c 213456  |d 213454 
952 |0 0  |1 0  |2 ddc  |4 0  |6 185_000000000000000_ARI_1977  |7 0  |8 P  |9 195851  |a BIBARQ  |b BIBARQ  |d 2019-11-14  |i 2638479  |o 185 ARI 1977  |p 2638479  |r 2025-01-20  |w 2019-11-14  |y BK  |k ARQ